LEADER 00619naa a2200157 i 4500 001 000000298131 003 CaOOAMICUS 005 20180831172618.0 008 180831n xx u000 u und u 013 $a5733 040 $aSeMil$bita 100 1 $aFantacci, Giovanni.$0(OLS)http://semarc/name/85826 245 10$aAids e prevenzione dell'infezione da Hiv. 650 4$aAIDS.$0(OLS)http://semarc/subject/8222 773 0 $aCesari, Giuseppe$tInterrogativi per la bioetica.$dBrescia : La Scuola, 1998.$kEducazione e società$z88-350-9489-5$w()64703 996 $6245$aAids e prevenzione dell'infezione da Hiv$9(OLS)http://semarc/title/374152 LEADER 01102nam a2200265 i 4500 001 000000107872 003 CaOOAMICUS 005 20171011000000.0 008 171011s1962 it u000 u ita u 013 $a80395 040 $aSeMil$bita 100 1 $aManzoni, Alessandro,$d<1785-1873>.$0(OLS)http://semarc/name/1162 245 13$aIl dramma reale d'Alessandro Manzoni /$cGiulio Salvadori ; Con una notizia di Nello Vian. 260 $aBrescia :$bMorcelliana,$c1962. 300 $a84 p. ;$c19 cm. 490 0 $aFuochi 600 14$aManzoni, Alessandro <1785-1873>.$0(OLS)http://semarc/subject/1531 700 1 $aVian, Nello,$d<1907-2000>.$0(OLS)http://semarc/name/4389 700 1 $aSalvadori, Giulio,$d<1862-1928>.$0(OLS)http://semarc/name/4115 830 0$aFuochi.$0(OLS)http://semarc/title/6314 850 $aSeMil 852 $aSeMil$W1$xVenegono$y1$m1O I 247$j63968$B63968$CSeMilBibl$Z2$F219841 $81 961 $aOmaggio: Altro 996 $6245$aIl dramma reale d'Alessandro Manzoni$9(OLS)http://semarc/title/407278 996 $6260$aBrescia :$bMorcelliana$9(OLS)http://semarc/publisher/29629